How to make big money in real estate

Bibliographic Details
Main Author: Hicks,, Tyler G.
Format: Book
Published: Paramus, NJ : Prentice Hall , 2000
Subjects:

MARC

LEADER 00000cam a2200000 7i4500
001 0000011152
005 20050503.0
020 |a 0735201161 
040 |a INS 
090 0 0 |a HD1382.5.   |b H535 1999 
100 1 |a Hicks,, Tyler G. 
245 1 0 |a How to make big money in real estate   |c Tyler G. Hicks 
260 |a Paramus, NJ :   |b Prentice Hall ,   |c 2000 
300 |a xii :   |b 339p ;   |c 23cm. 
650 0 0 |a Real estate business investment 
999 |a 0000011910   |b BOOK   |c Open Shelf   |e Default branch